Recorridos y posibles formas de la penalidad

Detalles Bibliográficos
Autor principal: Rivera Beiras, Iąki
Formato: eBook
Lenguaje:español
Publicado: Barcelona : Editorial Anthropos, 2005
Materias:
Acceso en línea:http://www.vlex.com/source/11027

MARC

LEADER 00000nam a22000007a 4500
005 20130425171557.0
007 cr|||| ||||
008 130425e2005 sp |||||s|||| 00||0 spa d
020 |a 84-7658-726-0 
035 |a 11027 
040 |a vLex 
090 |c 4171  |d 4171 
100 1 0 |a Rivera Beiras, Iąki  
245 1 0 |a Recorridos y posibles formas de la penalidad  |c / Iąki Rivera Beiras   |h [Recurso electrn̤ico] 
256 |a Servicio en ln̕ea 
260 |a Barcelona :  |b Editorial Anthropos,   |c 2005 
300 |a 1 Recurso electrn̤ico  
506 |d vLex Global  |d vLex Global (Academic Edition, excluding Law Schools)  |d vLex Global (U.S. Academic Edition, Law Schools)  |d vLex Global (U.S. Academic Edition, excluding Law Schools)  |d vLex Global (Academic Edition, Law Schools) 
650 4 |a Criminologa̕ 
650 4 |a Procedimiento penal  |z Espaą 
740 |a vLex Libros (Servicio en ln̕ea) 
856 |a Acceso restringido  |u http://www.vlex.com/source/11027 
942 |c BOOK 
999 0 |a Criminology